Statistics for 路面電車のある市町村(1970年)

Click here to take the quiz!

General Stats

  • This quiz has been taken 89 times
    (88 since last reset)
  • The average score is 54 of 77

Answer Stats

Answer都道府県会社% Correct
札幌市北海道札幌市交通局
100%
函館市北海道函館市交通局
100%
旭川市北海道旭川電気軌道
96%
福島市福島県福島交通
93%
広島市広島県広島電鉄
89%
仙台市宮城県仙台市交通局
89%
岡山市岡山県岡山電気軌道
89%
大阪市大阪府大阪市/京阪/阪急/阪神/南海
87%
神戸市兵庫県神戸市/阪急/阪神/山陽
87%
和歌山市和歌山県南海電気鉄道
87%
北九州市福岡県西鉄/北九州市
87%
高知市高知県土佐電気鉄道
87%
富山市富山県富山地方鉄道
87%
福岡市福岡県西日本鉄道
87%
長崎市長崎県長崎電気軌道
87%
熊本市熊本県熊本市交通局
87%
福井市福井県福井鉄道
87%
大津市滋賀県京阪電気鉄道
87%
鹿児島市鹿児島県鹿児島市交通局
87%
高岡市富山県加越能鉄道
86%
堺市大阪府南海電気鉄道
86%
京都市京都府京都市/京阪/京福
86%
岐阜市岐阜県名古屋鉄道
86%
大分市大分県大分交通
86%
松山市愛媛県伊豫鉄道
86%
横浜市神奈川県横浜市交通局
86%
新潟市新潟県新潟交通
85%
新宿区東京都東京都交通局
85%
下関市山口県山陽電気軌道
85%
別府市大分県大分交通
83%
名古屋市愛知県名古屋市交通局
83%
渋谷区東京都東京都交通局
83%
豊島区東京都東京都交通局
80%
千代田区東京都東京都交通局
80%
中央区東京都東京都交通局
79%
荒川区東京都東京都交通局
79%
港区東京都東京都交通局
79%
西宮市兵庫県阪急/阪神
79%
尼崎市兵庫県阪急/阪神
79%
北区東京都東京都交通局
77%
文京区東京都東京都交通局
77%
世田谷区東京都東京急行電鉄
77%
豊橋市愛知県豊橋鉄道
76%
台東区東京都東京都交通局
76%
宇治市京都府京阪電気鉄道
76%
花巻市岩手県花巻電鉄
75%
江東区東京都東京都交通局
75%
明石市兵庫県山陽電気鉄道
75%
芦屋市兵庫県阪急/阪神
72%
宝塚市兵庫県京阪神急行電鉄
69%
墨田区東京都東京都交通局
66%
寝屋川市大阪府京阪電気鉄道
66%
枚方市大阪府京阪電気鉄道
65%
清水市静岡県静岡鉄道
65%
川西市兵庫県阪急/能勢電軌
61%
南国市高知県土佐電気鉄道
61%
守口市大阪府京阪電気鉄道
59%
伊丹市兵庫県京阪神急行電鉄
59%
豊中市大阪府京阪神急行電鉄
59%
門真市大阪府京阪電気鉄道
56%
関市岐阜県名古屋鉄道
55%
池田市大阪府京阪神急行電鉄
55%
吾川郡伊野町高知県土佐電気鉄道
54%
海南市和歌山県南海電気鉄道
49%
箕面市大阪府京阪神急行電鉄
48%
美濃市岐阜県名古屋鉄道
48%
新湊市富山県加越能鉄道
44%
上川郡東川町北海道旭川電気軌道
44%
伊達郡伊達町福島県福島交通
35%
豊川市愛知県名古屋鉄道
32%
綴喜郡八幡町京都府京阪電気鉄道
28%
伊達郡保原町福島県福島交通
27%
亀田郡亀田町北海道函館市交通局
25%
伊達郡梁川町福島県福島交通
23%
豊能郡東能勢村大阪府能勢電気軌道
18%
伊達郡霊山町福島県福島交通
14%
長岡郡大津村高知県土佐電気鉄道
3%

Score Distribution

Percentile by Number Answered

Percent of People with Each Score

Your Score History

You have not taken this quiz since the last reset